| 000 | 00650nam a2200217Ia 4500 | ||
|---|---|---|---|
| 003 | OSt | ||
| 005 | 20251218111446.0 | ||
| 008 | 210716s1999 xx 000 0 und d | ||
| 020 | _a8176560782 | ||
| 040 | _cAIMIT LIBRARY | ||
| 041 | _aeng | ||
| 082 |
_a006.37 _21 _bPETE |
||
| 245 | _aVisual basic 6 complete / | ||
| 250 | _a1st ed. | ||
| 260 |
_aNew Delhi : _bBPB Publications , _c1999. |
||
| 300 |
_axxvi,1011p. ; _bPB _c22 cm |
||
| 650 |
_aIntroduction to visual basic _9249435 |
||
| 650 |
_aPractical visual basic _9249436 |
||
| 650 |
_aIntroduction to visual basic scripting and the internet _9249437 |
||
| 942 |
_2ddc _cBK _e1st _k006.37 PETE |
||
| 999 |
_c184009 _d184009 |
||